Statistics for 2010-2011 Ashes Series Squads

Click here to take the quiz!

General Stats

  • This quiz has been taken 552 times
  • The average score is 21 of 36

Answer Stats

HintAnswer% Correct
BatsmanAlastair Cook
98%
BowlerJames Anderson
96%
BowlerStuart Broad
94%
BatsmanIan Bell
93%
BatsmanAndrew Strauss (c)
92%
BowlerGraeme Swann
89%
BatsmanMichael Clarke (c)
89%
BatsmanRicky Ponting (c)
87%
BatsmanKevin Pietersen
86%
BatsmanJonathan Trott
83%
BowlerMitchell Johnson
82%
BatsmanMatt Prior (wk)
82%
BatsmanPaul Collingwood
71%
BatsmanBrad Haddin (wk)
69%
BowlerChris Tremlett
67%
BowlerPeter Siddle
65%
All-RounderShane Watson
65%
BowlerSteven Finn
63%
Bowler*Monty Panesar
63%
BatsmanMichael Hussey
57%
All-RounderSteve Smith
53%
BatsmanSimon Katich
53%
All-RounderTim Bresnan
50%
BatsmanPhillip Hughes
47%
BowlerRyan Harris
43%
BowlerBen Hilfenhaus
41%
Bowler*Nathan Hauritz
34%
BatsmanMarcus North
32%
BatsmanUsman Khawaja
31%
BowlerXavier Doherty
30%
BowlerMichael Beer
29%
Batsman*Eoin Morgan
25%
BowlerDoug Bollinger
22%
Bowler*Ajmal Shahzad
11%
Batsman*Steven Davies (wk)
10%
Batsman*Callum Ferguson
6%

Score Distribution

Percentile by Number Answered

Percent of People with Each Score

Your Score History

You have not taken this quiz